|
|
|
|
| LEADER |
00988nam a2200253 u 4500 |
| 001 |
10026704 |
| 003 |
upatras |
| 005 |
20210117205949.0 |
| 008 |
950518s1970 uk eng |
| 020 |
|
|
|a 72040042X (Πανόδετο)
|
| 040 |
|
|
|a GR-PaULI
|c GR-PaULI
|
| 041 |
0 |
|
|a eng
|
| 044 |
0 |
0 |
|a NLGB
|
| 100 |
1 |
|
|a Raimes, Stanley
|9 151456
|
| 245 |
1 |
0 |
|a The wave mechanics of electrons in metals
|c By Stanley Raimes
|
| 250 |
|
|
|a 4th printing
|
| 260 |
|
|
|a Amsterdam ; London
|b North-Holland Publishing Company
|c 1970
|
| 300 |
|
|
|a xi, 367 p.
|b fig.
|
| 505 |
1 |
|
|a includes appendix . - bibliography . - problems . - index
|
| 650 |
|
4 |
|9 179
|a Φυσική της στερεάς κατάστασης
|
| 852 |
|
|
|a GR-PaULI
|b ΠΑΤΡΑ
|b ΦΥΣΙΚΟ
|k ΑΕΧ-1
|h 530.4 RAI
|m 00738
|p 025000018989
|t 1
|
| 942 |
|
|
|2 ddc
|c BK15
|
| 952 |
|
|
|0 0
|1 0
|4 0
|6 530_400000000000000_RAI
|7 0
|9 197009
|a PHYS
|b PHYS
|d 2016-04-24
|i 00738
|l 0
|o 530.4 RAI
|p 025000018989
|r 2016-04-24 00:00:00
|t 1
|w 2016-04-24
|y BK15
|
| 999 |
|
|
|c 120904
|d 120904
|